000 00548nam a22002057a 4500
005 20170124110247.0
010 _aB-060121
020 _c00.00
_a817154830
035 _aB-060121
037 _bCen Lib/Ret
040 _aDPL
_bEN
082 _a000
_bBRI
110 _aEncyclopedia Britannica
_997773
245 _aThe britannica quize master /
260 _aMumbai
_bPolular Prakashan
_c2001
270 _bMumbai
300 _a108p.
_c23cm(Hb)
650 _aEncyclopedia Britannica
_997774
942 _2ddc
_cEN
_h000
_mBRI
999 _c135595
_d135595